1363 1228 1740 1085 1944 1162 1636 1830 1737 1281 1129 1489 1740 1367 1552 1911 1934 1662 1327 1758 1146 1459 1886 1433 1409 1782 1503 1380 1337 1417 1573 1805 1465 1180 1213 1063 1859 1141 1813 1366 1288 1761 1418 1033 1888 1645 1778 1967 1916 1035 1084 1489 1623 1687 1203 1657 1201 1283 1558 1374 1767 1905 1468 1788 1017 1513 1924 1045 1631 1982 1786 1326 1056 1607 1926 1059 1000 1237 1835 1852 1849 1954 1366 1318 1732 1833 1939 1505 1768 1609 1092 1386 1632 1561 1650 1317 1778 1271 1270 BCNSPRNW ULIB Ver.6.0+V

เปลี่ยนเป็นภาษาไทย

Change to English
 แสดงรายละเอียดบรรณานุกรม
  กลับหน้าหลัก

Brief Record : Get Marc (ISO 2709) : E-mail record : QR code < ปิดหน้าต่าง
LEADER : 00000nam 2200000uu 4500
001    13399115003
003     ULIB
008    120628s2010||||th 000 0 tha d
020    ^a9789812725967
060 04 ^aQS17^bH249N 2010
100 1  ^aHansen, John T.
245 00 ^aNetter is anatomy coloring book :^bwith student consult./^cHansen, John T.
260    ^aPhiladelphia :^bSaunders,^cc2010
300    ^a1 v. (various pagings) :^bill. ;^c28 cm.
650  0 ^aHuman anatomy^vAtlases
650  2 ^aAnatomy, Regional^vAtlases
650  2 ^aAnatomy^vAtlases
700 1  ^aNetter, Frank H. ^q(Frank Henry),^d1906-1991
945    ^p0^l0^i17776
945    ^p0^l0^i17778
945    ^p0^l0^i17779
945    ^p0^l0^i17777
995    ^aKanchaphon
999 ^a ใช้งานได้ทุกระบบ
รายการนี้ยังไม่มีแท็ก
คุณยังไม่ได้ล็อกอิน คุณสามารถมีกิจกรรมร่วมกับเว็บไซต์ได้ แต่ต้องล็อกอินก่อน ::
  ล็อกอิน

รายการสื่อสารสนเทศ

ลำดับที่ ประเภท เลขเรียก/บาร์โค้ด สถานที่ สถานะ
- ไม่พบข้อมูล -

รายการใกล้เคียง
    ผู้แต่ง [Hansen, John T.]

    หัวเรื่อง [Anatomy Atlases]

BibComment


ยังไม่เคยถูกคอมเมนท์

คอมเมนท์ทรัพยากรรายการนี้
  คอมเมนท์: Netter is anatom..


 Copyright 2026. Bcnsprnw @Library